01325nas a2200349 4500001001300000003000900013005001700022007000300039008003400042040005400076041000900130072000800139100001900147100002100166100001900187100001900206245011300225246010300338650001500441650000800456650001500464650001400479650003000493650002200523650002300545773010200568856007100670909004000741942001800781999001900799952015700818BR2016000574BR-BrBNA20231205130102.0ta230509b bl.|||p| |||| 00| 00por d aBR-BrBNAbporcBiblioteca Nacional de Agricultura a(Pt) aJ131 aNazareno, A.C.1 aSilva, I.J.O. da1 aVieira, A.M.C.1 aVieira, F.M.C.1 aMicroclima, idades das matrizes e tempos de estocagem influenciam na perda de água dos ovos no transporte?1 aMicroclimate, ages of breeders and storage times influence on water loss of eggs on transpotation? aAVICULTURA aOVO aTRANSPORTE aESTOCAGEM aARMAZENAMENTO DE ALIMENTO aPERDA DA PRODUCAO aCONDICAO AMBIENTAL0 tEngenharia Agrícola (Brazil)xISSN 1809-4430g(Jul-Aug 2015), v. 35(4) p. 635-645wBR201600057440uhttp://www.scielo.br/pdf/eagri/v35n4/1809-4430-eagri-35-4-0635.pdf a202311bLúciac55dLúcia Elande 2AGRISn0cANA c247821d247821 002AGRIS4071a41918b41918cPeriódicos Agrícolash(Jul-Aug 2015), v. 35(4) p. 635-645l0r2023-11-29t01yCRePortaria Interministerial nº 164/94